Normal view
MARC view
- Albornoz, Luis Alfonso
Entry Nombre Personal
001 - NUMERO DE CONTROL
- campo de control: 30563
003 - IDENTIFICADOR DE NUMERO DE CONTROL
- campo de control: UPN
005 - FECHA Y HORA DE LA ÜLTIMA TRANSACCIÓN
- campo de control: 20210219194415.0
008 - DATOS DE LONGITUD FIJA
- campo de control de longitud fija: nabaccnnaabn|||||||||| b |nc|||||d
035 ## - NUMERO DE CONTROL
- Número de control: UPN11000002669
040 ## - FUENTE DE CATALOGACIÓN
- Lenguaje de catalogación: SPA
- Agencia de transcripción: UPN
100 1# - ENCABEZAMIENTO - NOMBRE PERSONAL
- Nombre personal: Albornoz, Luis Alfonso
670 ## - FUENTE EN LA QUE SE LOCALIZARON DATOS
- Cita de la fuente: T
- Uniform Resource Identifier: http://www.uc3m.es/portal/page/portal/dpto_periodismo_comunicacion_audiovisual/com_audiovisual/personal/luis_alfonso_albornoz
680 ## - NOTA PUBLICA DE ACCESO PÚBLICO
- Frase explicativa de la referencia: Comunicólogo argentino
902 ## - CATALOGADOR
- Catalogador: CAA/191110
